000 00753nam 22002413 4500
001 199963
010 _a978-972-21-2016-6
021 _aPT
_b285478/08
090 _a199963
100 _a20260115d u||y0pory50 ba
200 _aCanta o galo gordo
_fInês Pupo, Gonçalo Pratas
_gilustrações Cristina Sampaio
_epoemas e canções para todo o ano
205 _a
210 _aAlfragide
_cEditorial Caminho
_dD. L. 2008
215 _a41 p.
_cil. ; encadernado
_d28 cm
300 _aPlano Nacional de Leitura- Ler + Livro + CD
606 _aMúsica
675 _a78
_vPT
_zpor
700 _aPupo
_f1978-
_bInês
_91656
701 _92942
_aPratas
_bGonçalo
702 _92529
_aSampaio
_bCristina
801 _aPT
_bBMMN
_gRPC
830 _cIsabel
990 _cLIVROS